000
00279 a2200097 4500
082
_a
625.8 ASP
245
_a
Maintenance Asphalt in Pavement Maintenance /
_c
Asphalt Institute
250
_a
3rd.ed.
260
_a
Lexington :
_c
asphalt institute
300
_a
80p. :
_b
ill . ;
_c
20cm
650
_a
pavement maintenance
999
_c
1499
_d
1499